| 000 | 00444nam a22001937a 4500 | ||
|---|---|---|---|
| 003 | MPLRDC | ||
| 005 | 20220104144333.0 | ||
| 008 | 210129b ||||| |||| 00| 0 eng d | ||
| 020 | _a957-32-2437-2 | ||
| 082 | _a592.09 XZS | ||
| 100 | _a萧长书 | ||
| 245 |
_a龙争虎斗36计 _c |
||
| 250 | _a初版 | ||
| 260 |
_a _b远流 _c1994 |
||
| 300 | _b平 | ||
| 490 | _a实用历史. 88 | ||
| 650 | _a古代兵法 | ||
| 942 |
_cBK _o592.09 XZS |
||
| 999 |
_c48644 _d48634 |
||